Matematické modely sdílení tepla v konstrukcích elektroniky /
Salvato in:
| Autore principale: | |
|---|---|
| Natura: | Libro |
| Lingua: | ceco |
| Pubblicazione: |
Praha :
Academia,
1990
|
| Tags: |
Nessun Tag, puoi essere il primo ad aggiungerne!!
|
MARC
| LEADER | 00000nam a22000003a 4500 | ||
|---|---|---|---|
| 001 | stu1076 | ||
| 005 | 20150617225621.9 | ||
| 008 | 920122s1990----cs------------------cze-d | ||
| 040 | |a STU |b slo | ||
| 041 | 0 | |a cze | |
| 044 | |a cs | ||
| 080 | |a 621.38.049 | ||
| 080 | |a 621.3.036.519.6 | ||
| 100 | 1 | |a Künzel, Gustav |4 aut | |
| 245 | 1 | |a Matematické modely sdílení tepla v konstrukcích elektroniky / |c [aut.] Künzel,Gustav | |
| 260 | |a Praha : |b Academia, |c 1990 | ||
| 300 | |a 245 s | ||
| 996 | |b E75001 |c E*75001 |l EE05 |s P |a 0 |w stu1076_0001 | ||
| 996 | |b E75002 |c E*75002 |l EE05 |s P |a 0 |w stu1076_0002 | ||